000 01056nas a2200337 4500
001 BR0305809
003 BR-BrBNA
005 20231205104205.0
007 ta
008 230509b bl.|||p| |||| 00| 00por d
040 _aBR-BrBNA
_bpor
_cBiblioteca Nacional de Agricultura
041 _a(Pt)
072 _aH20
100 1 _aSalgado, A.P.S.P.
100 1 _aCardoso, M. das G.
100 1 _aSouza, P.E. de
100 1 _aSouza, J.A. de
100 1 _aAbreu, C.M.P.
100 1 _aPinto, J.E.B.P.
245 1 _aAvaliação da atividade fungitóxica de óleos essenciais de folhas de Eucalyptus sobre Fusarium oxysporum, Botrytis cinerea e Bipolaris sorokiniana
650 _aEUCALIPTO
650 _aÓLEO ESSENCIAL
650 _aFUSARIOSE
650 _aFUSARIUM OXYSPORUM
650 _aBOTRYTIS CINEREA
650 _aTOXIDEZ
650 _aMINAS GERAIS
773 0 _tCiência e Agrotecnologia (Brazil)
_xISSN 1413-7054
_g(Mar-Apr 2003), v. 27(2) p. 249-254
_wBR0305809
909 _a202311
_bLúcia
_c55
_dLúcia Elande
942 _2AGRIS
_n0
_cANA
999 _c176850
_d176850